Alterations and refurbishment price book (Record no. 121098)

MARC details
000 -LEADER
fixed length control field 01120nam a2200265 4500
001 - CONTROL NUMBER
control field K121098
008 - FIXED-LENGTH DATA ELEMENTS--GENERAL INFORMATION
fixed length control field 160218b2019 xxu||||| |||| 00| 0 eng d
020 ## - INTERNATIONAL STANDARD BOOK NUMBER
ISBN 9781783213634
041 ## - LANGUAGE CODE
Language code of text/sound track or separate title eng
050 ## - Library of Congress Classification
Class mark F692.5
110 ## - MAIN ENTRY--CORPORATE NAME
Corporate author Building Cost Information Service
245 ## - TITLE STATEMENT
Title Alterations and refurbishment price book
Subtitle Maintenance and operating costs
Statement of responsibility, etc 2020
250 ## - EDITION
Edition statement 25th
260 ## - PUBLICATION INFORMATION
Place of publication London
Publisher BCIS
Date 2019
300 ## - PHYSICAL DESCRIPTION
Physical description 1 v.
Dimensions 30 cm
520 ## - ABSTRACT
Abstract Intended for use on projects consisting entirely or substantially of alterations and improvements to existing buildings from simply taking a door and blocking up the opening to projects up to £180,000 in value. Each section provides details of labour time together a detailed cost analysis of work it into labour, plant and material totalled to show a competitive and realistic total unit price.
520 ## - ABSTRACT
Abstract Supersedes 24th ed ISBN 97817832113184
650 ## - KEYWORDS
Keywords Alterations
650 ## - KEYWORDS
Keywords Refurbishment
650 ## - KEYWORDS
Keywords Building costs
650 ## - KEYWORDS
Keywords Price books
651 ## - SUBJECT ADDED ENTRY--GEOGRAPHIC NAME
Geographic name United Kingdom 1973
690 ## - BROAD SUBJECT
9 (RLIN) 6233
Broad subject Cost management
942 ## - ADDED ENTRY ELEMENTS (KOHA)
Suppress in OPAC Do not suppress in OPAC
Holdings
Lost status Source of classification or shelving scheme Damaged status Not for loan Home library Current library Shelving location Date acquired Total Checkouts Full call number Date last seen Price effective from Koha item type
  Dewey Decimal Classification     Archives Archives BCIS/BMI publications 16/08/2019   BCIS 2019/09 16/08/2019 16/08/2019 Book
  Dewey Decimal Classification     London London Basement 16/08/2019   F692.5 BUI 16/08/2019 16/08/2019 Book